[Event "Solingen Karneval op"]
[Site "Solingen"]
[Date "2013.02.08"]
[Round "1"]
[White "Maurer, Fabian"]
[Black "Walter, Andreas"]
[Result "0-1"]
[WhiteElo "1492"]
[BlackElo "1975"]
[PlyCount "82"]
[EventDate "2013.02.08"]
[EventType "swiss"]
[EventRounds "5"]
[EventCountry "GER"]
[SourceTitle "EXT 2015"]
[Source "ChessBase"]
[SourceDate "2014.11.20"]
[SourceVersion "1"]
[SourceVersionDate "2014.11.20"]
[SourceQuality "1"]

1. e4 e6 2. d4 d5 3. Nc3 Nf6 4. Bg5 Bb4 5. e5 h6 6. Bd2 Bxc3 7. Bxc3 Ne4 8. Bd3 Nxc3 9. bxc3 c5 10. Nf3 Qa5 11. Qd2 Nc6 12. 0-0 cxd4 13. cxd4 Qxd2 14. Nxd2 Nxd4 15. c3 Nc6 16. f4 Bd7 17. Rab1 b6 18. c4 dxc4 19. Nxc4 Ke7 20. Nd6 f6 21. Be4 fxe5 22. fxe5 Raf8 23. Bxc6 Bxc6 24. Rbc1 Rxf1+ 25. Rxf1 Rf8 26. Rc1 Kd7 27. Rc3 Bd5 28. Rg3 g5 29. a3 Rf4 30. Rc3 Rd4 31. Rc2 a6 32. Re2 b5 33. Nf7 Re4 34. Rxe4 Bxe4 35. Nxh6 a5 36. Ng4 Kc6 37. Kf2 Kd5 38. Ke3 Bf5 39. Nf2 Kxe5 40. Nd1 Kd5 41. Nb2 g4 0-1